[Event "FRA T I 120102011"]
[Site "FRA"]
[Date "2010.11.13"]
[Round "2.2"]
[White "Garrido, Denis"]
[Black "Aout, Sebastien"]
[Result "1-0"]
[WhiteElo "2288"]
[BlackElo "2256"]
[PlyCount "81"]
[EventDate "2010.10.17"]
[EventType "team-match"]
[EventRounds "9"]
[EventCountry "FRA"]
[Source "FFE"]
[SourceDate "2010.10.29"]
[WhiteTeamCountry "FRA"]
[BlackTeamCountry "FRA"]

1. e4 c5 2. Nf3 e6 3. c4 d6 4. d4 cxd4 5. Nxd4 Nf6 6. Nc3 a6 7. Be2 Qc7 8. O-O
b6 9. Re1 Bb7 10. a4 Be7 11. a5 bxa5 12. Qa4+ Nbd7 13. Bf1 Bd8 14. Nb3 O-O 15.
Nxa5 Nc5 16. Qc2 Bc8 17. b4 Ncd7 18. Be3 Ng4 19. Bf4 Nge5 20. Reb1 Bf6 21. Ra3
Rb8 22. Bg3 Be7 23. Rab3 Ra8 24. Be2 Re8 25. Na4 h6 26. Qa2 Kh8 27. Kh1 Kg8 28.
f3 h5 29. h3 h4 30. Bh2 Kh8 31. Qd2 Rd8 32. Rc3 Bf6 33. Rcc1 Kg8 34. Nb2 Nb8
35. Qe1 Nbd7 36. Nd1 Be7 37. Ne3 Bf6 38. f4 Nc6 39. Nd5 exd5 40. cxd5 Ndb8 41.
dxc6 1-0

[Event "FRA T I 120102011"]
[Site "FRA"]
[Date "2010.11.14"]
[Round "3.2"]
[White "Miron, Lucian Costin"]
[Black "Collas, Didier"]
[Result "1-0"]
[WhiteElo "2496"]
[BlackElo "2420"]
[PlyCount "81"]
[EventDate "2010.10.17"]
[EventType "team-match"]
[EventRounds "9"]
[EventCountry "FRA"]
[Source "FFE"]
[SourceDate "2010.10.29"]
[WhiteTeamCountry "FRA"]
[BlackTeamCountry "FRA"]

1. d4 d5 2. c4 e6 3. Nc3 Be7 4. Nf3 Nf6 5. Bf4 O-O 6. e3 Nbd7 7. Qc2 a6 8. c5
Nh5 9. Bd3 Nxf4 10. exf4 h6 11. O-O b6 12. b4 c6 13. a3 a5 14. Qe2 Qc7 15. g3
Qa7 16. Rab1 Bf6 17. Ne5 Nxe5 18. fxe5 Bd8 19. Rfc1 f6 20. Na4 axb4 21. Nxb6
Bxb6 22. cxb6 Qxb6 23. Rxb4 Qa5 24. exf6 Rxf6 25. Rxc6 Qxa3 26. Rb1 Qa4 27.
Rbc1 Bd7 28. Rc7 Raf8 29. Qe5 Rxf2 30. Rxd7 Qxd7 31. Rc7 Qxc7 32. Qxc7 Rd2 33.
Qc3 Rff2 34. Qc8+ Kf7 35. Qd7+ Kf6 36. Qe8 Rg2+ 37. Kf1 Rxd3 38. Kxg2 Rxd4 39.
h4 Rc4 40. h5 Rg4 41. Kf3 1-0

[Event "FRA T I 120102011"]
[Site "FRA"]
[Date "2010.10.17"]
[Round "1.6"]
[White "Negre, Albert"]
[Black "Maurin, Olivier"]
[Result "1/2-1/2"]
[WhiteElo "2123"]
[BlackElo "2062"]
[PlyCount "81"]
[EventDate "2010.10.17"]
[EventType "team-match"]
[EventRounds "9"]
[EventCountry "FRA"]
[Source "FFE"]
[SourceDate "2010.10.29"]
[WhiteTeamCountry "FRA"]
[BlackTeamCountry "FRA"]

1. d4 d6 2. e4 Nf6 3. Nc3 g6 4. f4 Bg7 5. Nf3 c5 6. Bb5+ Bd7 7. e5 Ng4 8. e6
Bxb5 9. exf7+ Kd7 10. Nxb5 Qa5+ 11. Nc3 cxd4 12. Nxd4 Bxd4 13. Qxd4 Nc6 14. Qd3
Qf5 15. Ne4 Rac8 16. Bd2 Rhf8 17. O-O-O h5 18. h3 Nh6 19. Kb1 Rxf7 20. Bc3 Rc7
21. g4 hxg4 22. hxg4 Nxg4 23. Nxd6 Qxd3 24. Nxf7 Qxd1+ 25. Rxd1+ Ke6 26. Nh8
Kf5 27. Rd5+ Ke4 28. Rd1 Kxf4 29. Nxg6+ Kf5 30. Nf8 e5 31. Rf1+ Ke4 32. Ng6 Nd4
33. a3 Ne3 34. Re1 Ndxc2 35. Re2 Nxa3+ 36. Ka2 Nac4 37. Nxe5 Nxe5 38. Bxe5 Kxe5
39. Rxe3+ Kd4 40. Rb3 Kd5 41. Ka3 1/2-1/2

[Event "FRA T I 120102011"]
[Site "FRA"]
[Date "2010.11.13"]
[Round "2.2"]
[White "Pasquier, Thomas"]
[Black "Giuriati, Paolo"]
[Result "1/2-1/2"]
[WhiteElo "2299"]
[BlackElo "2197"]
[PlyCount "81"]
[EventDate "2010.10.17"]
[EventType "team-match"]
[EventRounds "9"]
[EventCountry "FRA"]
[Source "FFE"]
[SourceDate "2010.10.29"]
[WhiteTeamCountry "FRA"]
[BlackTeamCountry "FRA"]

1. e4 c5 2. c3 g6 3. d4 cxd4 4. cxd4 d5 5. e5 Nc6 6. Nc3 Nh6 7. Bb5 a6 8. Bxc6+
bxc6 9. Nge2 Nf5 10. O-O Bg7 11. Na4 O-O 12. b3 f6 13. exf6 Bxf6 14. Bb2 Bg7
15. Rc1 Qd6 16. Rc5 Rb8 17. Qc1 Bd7 18. Ra5 Nh6 19. Qe3 Ng4 20. Qg3 Qxg3 21.
hxg3 e5 22. Nc5 Bc8 23. dxe5 Nxe5 24. Bc3 Rb5 25. Rxb5 axb5 26. Nd4 Nd7 27.
Nce6 Bxd4 28. Bxd4 Re8 29. Nc5 Nxc5 30. Bxc5 Re2 31. Ra1 Rc2 32. b4 Bf5 33. a4
bxa4 34. Rxa4 h5 35. Ra6 Bd7 36. Ra7 Bf5 37. Kf1 Bd3+ 38. Ke1 Re2+ 39. Kd1 Re6
40. Kd2 Bf1 41. Ra8+ 1/2-1/2

[Event "FRA T I 120102011"]
[Site "FRA"]
[Date "2010.11.13"]
[Round "2.1"]
[White "Bruneau, Laurent"]
[Black "Anic, Darko"]
[Result "0-1"]
[WhiteElo "2228"]
[BlackElo "2414"]
[PlyCount "80"]
[EventDate "2010.10.17"]
[EventType "team-match"]
[EventRounds "9"]
[EventCountry "FRA"]
[Source "FFE"]
[SourceDate "2010.10.29"]
[WhiteTeamCountry "FRA"]
[BlackTeamCountry "FRA"]

1. e4 e5 2. Nf3 Nc6 3. Bc4 Nf6 4. d3 Be7 5. O-O O-O 6. Nc3 d6 7. h3 Na5 8. Bb3
c6 9. Ne2 Qc7 10. Ng3 Nxb3 11. axb3 d5 12. Qe2 Bd6 13. Nh4 Re8 14. Bg5 Re6 15.
Qf3 Bf8 16. Nhf5 g6 17. Nh6+ Kg7 18. Qe3 b6 19. Qe2 Ng8 20. Nxg8 Kxg8 21. f4
exf4 22. Bxf4 Qe7 23. Qf3 Bb7 24. e5 f5 25. d4 a5 26. Rfe1 Qb4 27. Qd1 c5 28.
c3 Qb5 29. Ne2 Be7 30. Be3 g5 31. Bf2 Rf8 32. Nc1 c4 33. Qc2 Qd7 34. Na2 f4 35.
b4 Rg6 36. bxa5 bxa5 37. Qe2 Bc8 38. Qf3 g4 39. hxg4 Qxg4 40. Qxg4 Bxg4 0-1

[Event "FRA T I 120102011"]
[Site "FRA"]
[Date "2010.11.13"]
[Round "2.6"]
[White "Delpech, Frederic"]
[Black "Fortuit, Nicolas"]
[Result "1-0"]
[WhiteElo "2155"]
[BlackElo "2094"]
[PlyCount "79"]
[EventDate "2010.10.17"]
[EventType "team-match"]
[EventRounds "9"]
[EventCountry "FRA"]
[Source "FFE"]
[SourceDate "2010.10.29"]
[WhiteTeamCountry "FRA"]
[BlackTeamCountry "FRA"]

1. e4 c5 2. Nf3 Nc6 3. d4 cxd4 4. Nxd4 g6 5. Nc3 Bg7 6. Be3 Nf6 7. Bc4 O-O 8.
f3 Qb6 9. a3 Nxe4 10. Nd5 Qc5 11. Nxc6 Qxc4 12. Ncxe7+ Kh8 13. fxe4 Qxe4 14.
O-O b6 15. Rf4 Qe6 16. Bd4 Bb7 17. Bxg7+ Kxg7 18. Qd4+ f6 19. Raf1 Qe5 20. Qxe5
fxe5 21. Rxf8 Rxf8 22. Ne3 Rf4 23. Rd1 Rd4 24. N7f5+ gxf5 25. Nxf5+ Kf6 26.
Nxd4 exd4 27. Rxd4 Bc6 28. Kf2 Ke5 29. c3 a5 30. Rh4 Be4 31. Rh5+ Kd6 32. Ke3
Bg6 33. Rg5 a4 34. Kd4 Kc6 35. g4 b5 36. h4 Bb1 37. h5 d6 38. Rg7 d5 39. g5 Kd6
40. h6 1-0

[Event "FRA T I 120102011"]
[Site "FRA"]
[Date "2010.11.13"]
[Round "2.4"]
[White "Luminais, Eric"]
[Black "Knecht, Alain"]
[Result "1-0"]
[WhiteElo "2182"]
[BlackElo "2203"]
[PlyCount "80"]
[EventDate "2010.10.17"]
[EventType "team-match"]
[EventRounds "9"]
[EventCountry "FRA"]
[Source "FFE"]
[SourceDate "2010.10.29"]
[WhiteTeamCountry "FRA"]
[BlackTeamCountry "FRA"]

1. d4 d5 2. Nf3 c6 3. e3 e6 4. c4 f5 5. Ne5 Nf6 6. Nc3 Bd6 7. Bd3 Bxe5 8. dxe5
Ng4 9. f4 O-O 10. Qf3 dxc4 11. Bxc4 Nxe5 12. Qe2 Nxc4 13. Qxc4 b5 14. Qb3 a5
15. O-O Qb6 16. Kh1 a4 17. Qc2 b4 18. Nd1 c5 19. e4 fxe4 20. Be3 Nd7 21. Nf2
Bb7 22. Rfd1 Bd5 23. Nxe4 b3 24. Qf2 Qc6 25. Nc3 Nf6 26. h3 bxa2 27. Bxc5 Bxg2+
28. Kh2 Rfc8 29. Bd4 Be4 30. Bxf6 gxf6 31. Qh4 Bg6 32. f5 Bxf5 33. Nd5 Qc2+ 34.
Kg1 Qc5+ 35. Kf1 Qc6 36. Kg1 Qc5+ 37. Kh1 Rf8 38. Nxf6+ Kh8 39. Nd7 Qc6+ 40.
Kg1 Rfd8 1-0

[Event "FRA T I 120102011"]
[Site "FRA"]
[Date "2010.11.13"]
[Round "2.8"]
[White "Pelletier, Rachel"]
[Black "Pokee, Anne"]
[Result "0-1"]
[WhiteElo "1747"]
[BlackElo "2002"]
[PlyCount "80"]
[EventDate "2010.10.17"]
[EventType "team-match"]
[EventRounds "9"]
[EventCountry "FRA"]
[Source "FFE"]
[SourceDate "2010.10.29"]
[WhiteTeamCountry "FRA"]
[BlackTeamCountry "FRA"]

1. c4 e5 2. Nc3 Nf6 3. Nf3 d6 4. g3 c6 5. Bg2 Be7 6. O-O O-O 7. d3 Bg4 8. Rb1
a5 9. a3 Na6 10. Qc2 Rc8 11. b3 Re8 12. Bb2 Bxf3 13. Bxf3 d5 14. Qd1 d4 15. Ne4
Nxe4 16. Bxe4 Bg5 17. Bc1 Nc5 18. Bxg5 Qxg5 19. Bg2 b5 20. b4 Na4 21. Qb3 Nc3
22. Rbe1 axb4 23. Qxb4 Qe7 24. cxb5 Qxb4 25. axb4 cxb5 26. e4 Ra8 27. Ra1 Ra2
28. Rxa2 Nxa2 29. Rb1 Rc8 30. Rb2 Nc1 31. Bf1 Rc3 32. f4 exf4 33. gxf4 g6 34.
f5 Nxd3 35. Ra2 Ne5 36. Kg2 d3 37. Kf2 Rc2+ 38. Ke3 Nc4+ 39. Kxd3 Rxa2 40. Kc3
Rxh2 0-1

[Event "FRA T I 120102011"]
[Site "FRA"]
[Date "2010.10.17"]
[Round "1.8"]
[White "Bianchi, Florence"]
[Black "Duff, Rufus"]
[Result "0-1"]
[WhiteElo "1781"]
[BlackElo "1782"]
[PlyCount "78"]
[EventDate "2010.10.17"]
[EventType "team-match"]
[EventRounds "9"]
[EventCountry "FRA"]
[Source "FFE"]
[SourceDate "2010.10.29"]
[WhiteTeamCountry "FRA"]
[BlackTeamCountry "FRA"]

1. d4 d5 2. c4 e6 3. Nf3 Nf6 4. Nc3 c6 5. Bg5 Nbd7 6. e3 Be7 7. Qc2 O-O 8. cxd5
exd5 9. Bd3 Re8 10. O-O Nf8 11. Bxf6 Bxf6 12. Ne2 Bg4 13. Ng3 Bxf3 14. gxf3 g6
15. Kh1 Bg7 16. Rg1 Rc8 17. Rg2 Ne6 18. Rag1 c5 19. dxc5 Rxc5 20. Qa4 Ra5 21.
Qc2 Rxa2 22. f4 Rxb2 23. Qd1 Nc5 24. f5 Qa5 25. fxg6 hxg6 26. Bxg6 fxg6 27.
Qxd5+ Kh7 28. Nf5 Nb3 29. Qf7 Qxf5 30. Qxe8 Rb1 31. Rxb1 Qxb1+ 32. Rg1 Qf5 33.
Rg3 Nc5 34. f3 Ne6 35. e4 Qf6 36. Qd7 Nf4 37. Qxb7 a5 38. Qb5 Qd4 39. Qxa5 Qd1+
0-1

[Event "FRA T I 120102011"]
[Site "FRA"]
[Date "2010.10.17"]
[Round "1.2"]
[White "Bruneau, Laurent"]
[Black "Laurain, Dominique"]
[Result "1-0"]
[WhiteElo "2225"]
[BlackElo "1997"]
[PlyCount "77"]
[EventDate "2010.10.17"]
[EventType "team-match"]
[EventRounds "9"]
[EventCountry "FRA"]
[Source "FFE"]
[SourceDate "2010.10.29"]
[WhiteTeamCountry "FRA"]
[BlackTeamCountry "FRA"]

1. e4 e6 2. d4 d5 3. Nc3 Bb4 4. exd5 exd5 5. Bd3 Nc6 6. Nf3 Bg4 7. Be3 Nf6 8.
h3 Bh5 9. O-O O-O 10. g4 Bg6 11. Bxg6 hxg6 12. Bg5 Bxc3 13. bxc3 Qd6 14. Bxf6
gxf6 15. Qd3 Qf4 16. Kg2 Rfd8 17. Rfe1 a6 18. Re3 Re8 19. Rae1 Rxe3 20. Rxe3
Rd8 21. Nd2 Na5 22. Rf3 Qd6 23. h4 Kg7 24. h5 Rh8 25. Nf1 Nc4 26. Ng3 Qe6 27.
Rf4 Nd6 28. Qf3 b5 29. Qe3 Qxe3 30. fxe3 Re8 31. hxg6 fxg6 32. Rf3 Nc4 33. Nf1
Na3 34. Kf2 Nxc2 35. Nd2 Na3 36. Ke2 Nc4 37. Nb3 Nd6 38. Nc5 Ne4 39. Nxe4 {
suite illisible} 1-0

[Event "FRA T I 120102011"]
[Site "FRA"]
[Date "2010.10.17"]
[Round "1.2"]
[White "Jean, Olivier"]
[Black "Redon, Philippe"]
[Result "1-0"]
[WhiteElo "2260"]
[BlackElo "2019"]
[PlyCount "77"]
[EventDate "2010.10.17"]
[EventType "team-match"]
[EventRounds "9"]
[EventCountry "FRA"]
[Source "FFE"]
[SourceDate "2010.10.29"]
[WhiteTeamCountry "FRA"]
[BlackTeamCountry "FRA"]

1. e4 d5 2. exd5 Nf6 3. Bb5+ Bd7 4. Be2 Nxd5 5. d4 Bf5 6. Nf3 e6 7. O-O Be7 8.
c4 Nb4 9. Ne1 O-O 10. a3 N4c6 11. Nf3 Bf6 12. Be3 Nd7 13. Nc3 Ne7 14. Qd2 c6
15. Rfd1 Nb6 16. h3 Ng6 17. g4 Qc7 18. gxf5 exf5 19. Qc2 Nf4 20. Bf1 g6 21. Qc1
Nh5 22. d5 Rad8 23. d6 Qd7 24. c5 Bxc3 25. bxc3 Nd5 26. Bg5 Rde8 27. Bh6 Ng7
28. Qg5 f6 29. Qd2 g5 30. Bc4 Rf7 31. Bxg7 Rxg7 32. Bxd5+ cxd5 33. Qxd5+ Kh8
34. Nd4 Re5 35. c6 bxc6 36. Qxc6 Qf7 37. Rab1 Re8 38. Nxf5 Rgg8 39. Nh6 1-0

[Event "FRA T I 120102011"]
[Site "FRA"]
[Date "2010.11.14"]
[Round "3.3"]
[White "Leygue, Dominique"]
[Black "Knecht, Alain"]
[Result "1/2-1/2"]
[WhiteElo "2301"]
[BlackElo "2203"]
[PlyCount "78"]
[EventDate "2010.10.17"]
[EventType "team-match"]
[EventRounds "9"]
[EventCountry "FRA"]
[Source "FFE"]
[SourceDate "2010.10.29"]
[WhiteTeamCountry "FRA"]
[BlackTeamCountry "FRA"]

1. e4 e5 2. Nf3 Nc6 3. Bc4 Nf6 4. d4 exd4 5. O-O Nxe4 6. Re1 d5 7. Bxd5 Qxd5 8.
Nc3 Qh5 9. Nxe4 Be6 10. Bg5 h6 11. Bf6 Be7 12. Bxe7 Kxe7 13. Nxd4 Qxd1 14.
Nxc6+ bxc6 15. Raxd1 Rad8 16. Nc5 Rd5 17. Nxe6 fxe6 18. c4 Rd6 19. f4 Rhd8 20.
Rxd6 cxd6 21. c5 Rf8 22. cxd6+ Kxd6 23. Rd1+ Kc7 24. Rd4 Rf5 25. g4 Rd5 26.
Rxd5 exd5 27. Kf2 Kd6 28. b4 g6 29. Ke3 a6 30. Kd4 Ke6 31. Kc5 Kf6 32. a3 Ke6
33. a4 h5 34. h3 hxg4 35. hxg4 Kd7 36. b5 cxb5 37. axb5 axb5 38. Kxd5 b4 39.
Kc4 Ke6 1/2-1/2

[Event "FRA T I 120102011"]
[Site "FRA"]
[Date "2010.11.14"]
[Round "3.7"]
[White "Louche, Herve"]
[Black "Duff, Rufus"]
[Result "0-1"]
[WhiteElo "1831"]
[BlackElo "1788"]
[PlyCount "78"]
[EventDate "2010.10.17"]
[EventType "team-match"]
[EventRounds "9"]
[EventCountry "FRA"]
[Source "FFE"]
[SourceDate "2010.10.29"]
[WhiteTeamCountry "FRA"]
[BlackTeamCountry "FRA"]

1. d4 d5 2. Nf3 Nf6 3. Bg5 Nbd7 4. e3 e6 5. Nbd2 Be7 6. c3 O-O 7. Bd3 c5 8. Qe2
b6 9. e4 dxe4 10. Nxe4 Bb7 11. Nxf6+ Bxf6 12. Bxf6 Qxf6 13. Ne5 Nxe5 14. dxe5
Qg5 15. Be4 Bxe4 16. Qxe4 Rad8 17. f4 Qh4+ 18. g3 Qh5 19. Qe2 Qh3 20. Rd1 Rd5
21. Kf2 Rfd8 22. Ke3 h5 23. Rxd5 Rxd5 24. Qf3 c4 25. Rd1 Qxh2 26. Rxd5 exd5 27.
Qf2 Qxf2+ 28. Kxf2 Kf8 29. Ke3 Ke7 30. f5 g6 31. fxg6 fxg6 32. Kf4 b5 33. a3 a5
34. Ke3 g5 35. Kd4 Ke6 36. Kc5 h4 37. gxh4 gxh4 38. Kxb5 h3 39. Kxa5 h2 0-1

[Event "FRA T I 120102011"]
[Site "FRA"]
[Date "2010.11.14"]
[Round "3.8"]
[White "Pokee, Anne"]
[Black "Herrero, Alain"]
[Result "1/2-1/2"]
[WhiteElo "2002"]
[BlackElo "1773"]
[PlyCount "78"]
[EventDate "2010.10.17"]
[EventType "team-match"]
[EventRounds "9"]
[EventCountry "FRA"]
[Source "FFE"]
[SourceDate "2010.10.29"]
[WhiteTeamCountry "FRA"]
[BlackTeamCountry "FRA"]

1. e4 c5 2. Nf3 Nc6 3. c3 d5 4. exd5 Qxd5 5. Na3 Nf6 6. Be2 e6 7. O-O Be7 8. d4
cxd4 9. Nb5 Qd8 10. Bf4 O-O 11. Nfxd4 Nxd4 12. Nxd4 Qa5 13. b4 Qb6 14. a4 Nd5
15. a5 Qd8 16. Bd2 Bf6 17. Be1 Nxb4 18. cxb4 Qxd4 19. Qxd4 Bxd4 20. Rd1 e5 21.
Kh1 Be6 22. f4 Rad8 23. Bh4 f6 24. fxe5 Bxe5 25. Bf3 b6 26. axb6 axb6 27. Rfe1
Rxd1 28. Rxd1 Rc8 29. Bf2 b5 30. Bc5 Rc7 31. Be4 Rd7 32. Rxd7 Bxd7 33. Bd5+ Kh8
34. Kg1 g5 35. Bf8 h5 36. Bc5 Kg7 37. Bf3 g4 38. Bd5 f5 39. g3 Kf6 1/2-1/2

[Event "FRA T I 120102011"]
[Site "FRA"]
[Date "2010.11.13"]
[Round "2.1"]
[White "Szitas, Gabor"]
[Black "Van Elst, Andreas"]
[Result "0-1"]
[WhiteElo "2200"]
[BlackElo "2276"]
[PlyCount "78"]
[EventDate "2010.10.17"]
[EventType "team-match"]
[EventRounds "9"]
[EventCountry "FRA"]
[Source "FFE"]
[SourceDate "2010.10.29"]
[WhiteTeamCountry "FRA"]
[BlackTeamCountry "FRA"]

1. e4 c5 2. Nf3 e6 3. b3 b6 4. c4 Bb7 5. Nc3 d6 6. Bb2 Nf6 7. Bd3 g6 8. O-O Bg7
9. Qc2 Nc6 10. a3 O-O 11. Ne2 Qc7 12. Ng3 Rad8 13. Rae1 Ne5 14. Be2 Nfd7 15. d3
Nxf3+ 16. Bxf3 Bxb2 17. Qxb2 Ne5 18. Be2 Nc6 19. f4 Nd4 20. f5 gxf5 21. exf5 e5
22. Bd1 Kh8 23. Qd2 f6 24. Qh6 Qg7 25. Qxg7+ Kxg7 26. Re3 Kf7 27. b4 Rg8 28.
Kf2 Rg7 29. Bh5+ Ke7 30. Bf3 Bxf3 31. gxf3 cxb4 32. axb4 Nc2 33. Re2 Nxb4 34.
Ke3 Nc6 35. Ra2 Rd7 36. Ne4 Nd4 37. Nc3 Nxf5+ 38. Ke4 Ke6 39. h3 Ng3+ 0-1

[Event "FRA T I 120102011"]
[Site "FRA"]
[Date "2010.10.17"]
[Round "1.5"]
[White "Bertrand, Frederic"]
[Black "Mania, Clement"]
[Result "1-0"]
[WhiteElo "2291"]
[BlackElo "2159"]
[PlyCount "75"]
[EventDate "2010.10.17"]
[EventType "team-match"]
[EventRounds "9"]
[EventCountry "FRA"]
[Source "FFE"]
[SourceDate "2010.10.29"]
[WhiteTeamCountry "FRA"]
[BlackTeamCountry "FRA"]

1. d4 c6 2. c4 g6 3. Nf3 Bg7 4. g3 d6 5. Bg2 Nh6 6. O-O O-O 7. Nc3 Na6 8. Bf4
f5 9. d5 c5 10. Qd2 Nf7 11. Rfe1 Nc7 12. e4 fxe4 13. Nxe4 b5 14. Bf1 Bg4 15.
Neg5 h6 16. Ne6 Nxe6 17. dxe6 Nh8 18. Nh4 Bd4 19. Be3 Bxe3 20. Qxe3 g5 21. Qe4
Bh5 22. Bd3 Ng6 23. Nxg6 Bf3 24. Qe3 Rf6 25. h4 Bb7 26. hxg5 Rf3 27. Qe2 bxc4
28. Be4 Bxe4 29. Qxe4 Rd3 30. Nf4 Qe8 31. Nxd3 cxd3 32. gxh6 Qf8 33. Qg6+ Kh8
34. Qxd3 Rb8 35. Re4 Rb4 36. Rxb4 cxb4 37. Qg6 d5 38. Rc1 1-0

[Event "FRA T I 120102011"]
[Site "FRA"]
[Date "2010.11.13"]
[Round "2.7"]
[White "Aubert, Lucas"]
[Black "Patetif, Dyanna"]
[Result "1-0"]
[WhiteElo "1755"]
[BlackElo "1770"]
[PlyCount "73"]
[EventDate "2010.10.17"]
[EventType "team-match"]
[EventRounds "9"]
[EventCountry "FRA"]
[Source "FFE"]
[SourceDate "2010.10.29"]
[WhiteTeamCountry "FRA"]
[BlackTeamCountry "FRA"]

1. d4 d5 2. c4 c6 3. Nc3 Nf6 4. Nf3 Bg4 5. Ne5 e6 6. Bg5 Bh5 7. Rc1 Be7 8. Qa4
Nbd7 9. Nxd7 Nxd7 10. Bxe7 Qxe7 11. c5 e5 12. e3 O-O 13. Be2 Bxe2 14. Nxe2 Rfe8
15. O-O Qh4 16. b4 Re6 17. b5 Rh6 18. h3 Rg6 19. Ng3 exd4 20. exd4 Ne5 21. Qd1
Nc4 22. bxc6 bxc6 23. Nf5 Qe4 24. Ng3 Qh4 25. Re1 Kf8 26. Qh5 Qxh5 27. Nxh5 Re8
28. Rxe8+ Kxe8 29. f4 f5 30. Kf2 Kf7 31. Rb1 Re6 32. Rb7+ Kg6 33. g4 fxg4 34.
hxg4 Re4 35. Kg3 Rxd4 36. Kh4 Ne3 37. Rxg7+ 1-0

[Event "FRA T I 120102011"]
[Site "FRA"]
[Date "2010.11.14"]
[Round "3.8"]
[White "Carbonnel, Francoise"]
[Black "Fornell, Marie Therese"]
[Result "0-1"]
[WhiteElo "1510"]
[BlackElo "1560"]
[PlyCount "74"]
[EventDate "2010.10.17"]
[EventType "team-match"]
[EventRounds "9"]
[EventCountry "FRA"]
[Source "FFE"]
[SourceDate "2010.10.29"]
[WhiteTeamCountry "FRA"]
[BlackTeamCountry "FRA"]

1. d4 d5 2. Nf3 c6 3. g3 Nf6 4. Bg2 Bf5 5. O-O e6 6. Nbd2 Nbd7 7. Re1 c5 8. c3
Be7 9. Nh4 Bg6 10. Nxg6 hxg6 11. e4 cxd4 12. cxd4 Qb6 13. exd5 Nxd5 14. Nf3
O-O-O 15. Qb3 Qxb3 16. axb3 Kb8 17. Ne5 Nxe5 18. dxe5 Nb4 19. Be4 Nd3 20. Bxd3
Rxd3 21. Be3 a6 22. Rad1 Rhd8 23. Rxd3 Rxd3 24. Re2 Rxb3 25. Rc2 Rb5 26. Kg2 a5
27. f4 b6 28. Rd2 Kc8 29. Rc2+ Kb7 30. Kf3 Bc5 31. Bxc5 Rxc5 32. Rd2 Kc7 33.
Ke3 a4 34. h3 b5 35. g4 Rc4 36. f5 gxf5 37. gxf5 exf5 0-1

[Event "FRA T I 120102011"]
[Site "FRA"]
[Date "2010.11.14"]
[Round "3.4"]
[White "Desnos, Nicolas"]
[Black "Guerin, Gilles"]
[Result "0-1"]
[WhiteElo "2036"]
[BlackElo "2204"]
[PlyCount "74"]
[EventDate "2010.10.17"]
[EventType "team-match"]
[EventRounds "9"]
[EventCountry "FRA"]
[Source "FFE"]
[SourceDate "2010.10.29"]
[WhiteTeamCountry "FRA"]
[BlackTeamCountry "FRA"]

1. c4 Nf6 2. Nc3 d6 3. g3 e5 4. e4 Nc6 5. Bg2 Nd4 6. Nb5 Nxb5 7. cxb5 a6 8.
bxa6 Rxa6 9. d4 exd4 10. Qxd4 Be7 11. Nf3 O-O 12. O-O Be6 13. e5 dxe5 14. Qxd8
Rxd8 15. Nxe5 Ra5 16. f4 Bd5 17. Be3 Rb5 18. b3 Bxg2 19. Kxg2 Nd5 20. Bf2 Bf6
21. Rad1 Bxe5 22. fxe5 c6 23. Rfe1 Re8 24. Rd2 Ra5 25. Bd4 h6 26. a4 b5 27.
axb5 Rxb5 28. Rc1 Re6 29. Rdc2 Nb4 30. Rc5 Rb7 31. R5c3 Na2 32. Rxc6 Nxc1 33.
Rxc1 Rxb3 34. Rc8+ Kh7 35. Rf8 Rd3 36. Ba7 Kg6 37. Bb8 Rb6 0-1

[Event "FRA T I 120102011"]
[Site "FRA"]
[Date "2010.11.13"]
[Round "2.4"]
[White "Ducret, Thomas"]
[Black "Heran, Raphael"]
[Result "1-0"]
[WhiteElo "2158"]
[BlackElo "2232"]
[PlyCount "73"]
[EventDate "2010.10.17"]
[EventType "team-match"]
[EventRounds "9"]
[EventCountry "FRA"]
[Source "FFE"]
[SourceDate "2010.10.29"]
[WhiteTeamCountry "FRA"]
[BlackTeamCountry "FRA"]

1. Nf3 c5 2. c4 Nc6 3. d4 cxd4 4. Nxd4 Nf6 5. Nc3 d6 6. e4 g6 7. Be2 Bg7 8. Be3
Bd7 9. Qd2 a6 10. f3 Rc8 11. O-O O-O 12. Rfd1 Nxd4 13. Bxd4 Be6 14. b3 Nd7 15.
Bxg7 Kxg7 16. Qb2 Kg8 17. Kh1 Qb6 18. f4 Nf6 19. e5 dxe5 20. fxe5 Nd7 21. Nd5
Bxd5 22. cxd5 e6 23. Bf3 exd5 24. Rxd5 Nc5 25. Qf2 Qb4 26. Rad1 Ne4 27. Qh4 f5
28. exf6 Rxf6 29. Qxe4 Qf8 30. h3 Re8 31. Qd3 Kg7 32. Rd7+ Kh6 33. Qd2+ g5 34.
Rd6 Ree6 35. Rxe6 Rxe6 36. Re1 Rf6 37. Qe3 1-0

[Event "FRA T I 120102011"]
[Site "FRA"]
[Date "2010.11.14"]
[Round "3.3"]
[White "Zharkov, Hleb"]
[Black "Desnos, Alexandre"]
[Result "1-0"]
[WhiteElo "2230"]
[BlackElo "2109"]
[PlyCount "73"]
[EventDate "2010.10.17"]
[EventType "team-match"]
[EventRounds "9"]
[EventCountry "FRA"]
[Source "FFE"]
[SourceDate "2010.10.29"]
[WhiteTeamCountry "FRA"]
[BlackTeamCountry "FRA"]

1. d4 d5 2. Nf3 Nf6 3. Bg5 Ne4 4. Bh4 c6 5. Nbd2 Bf5 6. e3 Nd7 7. Bd3 Nd6 8.
Qe2 Qb6 9. O-O e6 10. e4 dxe4 11. Nxe4 Bg4 12. c3 Nf5 13. Bg5 h6 14. Bf4 g5 15.
Bg3 Be7 16. a4 a5 17. h3 Nxg3 18. fxg3 Bf5 19. Nf2 Bxd3 20. Nxd3 c5 21. Kh1
cxd4 22. Nxd4 O-O 23. Nf5 exf5 24. Qxe7 Qc7 25. Nc5 Qxc5 26. Qxd7 Qe5 27. Rxf5
Qxg3 28. Raf1 Rad8 29. Qxb7 Rb8 30. Qd5 Rbd8 31. Qb7 Rb8 32. Qc6 Kg7 33. Qf6+
Kh7 34. Qe7 Kg6 35. Rf6+ Kh5 36. Qe2+ g4 37. R1f5+ 1-0

[Event "FRA T I 120102011"]
[Site "FRA"]
[Date "2010.11.13"]
[Round "2.4"]
[White "Py, Jean"]
[Black "Pradere, Anthony"]
[Result "0-1"]
[WhiteElo "2114"]
[BlackElo "2009"]
[PlyCount "72"]
[EventDate "2010.10.17"]
[EventType "team-match"]
[EventRounds "9"]
[EventCountry "FRA"]
[Source "FFE"]
[SourceDate "2010.10.29"]
[WhiteTeamCountry "FRA"]
[BlackTeamCountry "FRA"]

1. d4 d5 2. Nf3 Nf6 3. Bf4 e6 4. e3 c5 5. c3 Nc6 6. Nbd2 Qb6 7. Qb3 c4 8. Qc2
Nh5 9. Bg5 h6 10. Bh4 g5 11. Bg3 Nxg3 12. hxg3 Bg7 13. e4 Bd7 14. e5 g4 15. Nh4
Nxd4 16. cxd4 Qxd4 17. O-O-O Qxf2 18. Kb1 Bxe5 19. Bxc4 dxc4 20. Rhf1 Qc5 21.
Ng6 fxg6 22. Qxg6+ Kd8 23. Rf7 Qd4 24. Qc2 Ke8 25. Rxd7 Qxd7 26. Nxc4 Qh7 27.
Rd3 Bc7 28. Qa4+ Kf8 29. Qb4+ Kf7 30. Nd6+ Bxd6 31. Qxd6 Qf5 32. Ka1 Rad8 33.
Qc7+ Kg6 34. Rc3 Rd1+ 35. Rc1 Rxc1+ 36. Qxc1 Rf8 0-1

[Event "FRA T I 120102011"]
[Site "FRA"]
[Date "2010.10.17"]
[Round "1.3"]
[White "Relea, Nicolas"]
[Black "Grandmougin, Olivier"]
[Result "1-0"]
[WhiteElo "2193"]
[BlackElo "2088"]
[PlyCount "71"]
[EventDate "2010.10.17"]
[EventType "team-match"]
[EventRounds "9"]
[EventCountry "FRA"]
[Source "FFE"]
[SourceDate "2010.10.29"]
[WhiteTeamCountry "FRA"]
[BlackTeamCountry "FRA"]

1. Nc3 Nf6 2. e4 d6 3. d4 Nbd7 4. Be3 c6 5. f3 g6 6. Qd2 Bg7 7. g4 O-O 8. g5
Nh5 9. Nge2 e5 10. d5 Nb6 11. Ng3 Nf4 12. h4 f5 13. gxf6 Qxf6 14. O-O-O cxd5
15. exd5 Bf5 16. Nge4 Qe7 17. Kb1 Rac8 18. h5 gxh5 19. Rg1 Kh8 20. Bd3 Nfxd5
21. Nxd5 Nxd5 22. Bh6 Bxh6 23. Qxh6 Bxe4 24. Bxe4 Nf6 25. Bf5 Rc7 26. Rg6 Ng8
27. Qxh5 Rxf5 28. Rxg8+ Kxg8 29. Rg1+ Kh8 30. Qxf5 Qf7 31. Qd3 Qc4 32. Qf5 Qf4
33. Qe6 Qf8 34. a3 Rf7 35. Rd1 Rf6 36. Qd5 1-0